00343pab a2200121 454500008004000000100002000040245007200060260000900132300001300141362001000154650002300164773003400187180718b2013 xxu||||| |||| 00| 0 eng d aSarkar, Abhirup aUnderstanding FDI in retail: What can economic principles teach us? c2013 ap.12-17. a5 Jan aForeign investment aEconomic and Political Weekly